Statistics for Musical Notations

Click here to take the quiz!

General Stats

  • This quiz has been taken 156 times
  • The average score is 10 of 15

Answer Stats

HintAnswer% Correct
To gradually get louderCrescendo
90%
The dynamic for loudForte
90%
The opposite of bass clefTreble clef
85%
Common timeFour four time
81%
The dynamic for very loudFortissimo
76%
A dot under or above a note that tells you to make the note shorterStaccato
75%
The section that tells you what notes are flatted or sharpedKey signature
72%
A note that is half the value of a quarter noteEighth Note
68%
A side-ways v under or above a note that tells you to make the note stand outAccent
66%
A curved line connecting two of the same notesTie
65%
To gradually get softerDiminuendo
64%
The dynamic for medium softMezzo piano
63%
BONUS: How many fingers are used to play middle G on a Bb ClarinetNone
62%
The Italian word for FFFFortississimo
43%
The order of flatsBEADGCF
37%

Score Distribution

Percentile by Number Answered

Percent of People with Each Score

Your Score History

You have not taken this quiz